Classic American Cars by Picture - Statistics

General Stats
  • This quiz has been taken 59 times
  • The average score is 6 of 28
Answer Stats
Picture Answer % Correct
Ford Model T
87%
Ford Model A
60%
Hudson Hornet
58%
Chevy Bel Air
56%
Willys Jeep
40%
Cadillac Eldorado
35%
Lincoln Zephyr
19%
Cord 810/812
17%
Duesenberg Model J
17%
Ford Model K
17%
Studebaker Champion
17%
Cadillac Series 62
15%
Chrysler Town & Country
15%
Lincoln Continental
12%
Packard Super 8
12%
Stutz Bearcat
12%
Cord L-29
10%
Duesenberg Model A
10%
Duesenberg Model SJ
10%
Duesenberg Model SSJ
10%
Lincoln Cosmopolitan
10%
Packard Clipper
10%
Packard 1-25
8%
DeSoto Six Series K
6%
DeSoto Airstream
4%
Studebaker Lark VIII
4%
Stutz SV16
4%
DeSoto Deluxe
2%
No matching quizzes found
Score Distribution
Percent of People with Each Score
Percentile by Number Answered
Your Score History
You have not taken this quiz